Diez centavos = Dimes (Record no. 16252)

MARC details
000 -LEADER
fixed length control field 01386cam a2200385 i 4500
001 - CONTROL NUMBER
control field sjds160007
003 - CONTROL NUMBER IDENTIFIER
control field sjds
005 - DATE AND TIME OF LATEST TRANSACTION
control field 20160925170815.0
008 - FIXED-LENGTH DATA ELEMENTS--GENERAL INFORMATION
fixed length control field 150109s2016 nyua j b 001 0 eng
010 ## - LIBRARY OF CONGRESS CONTROL NUMBER
LC control number 2014048193
020 ## - INTERNATIONAL STANDARD BOOK NUMBER
International Standard Book Number 9781499407518 (pbk. book)
020 ## - INTERNATIONAL STANDARD BOOK NUMBER
International Standard Book Number 9781499407495 (6 pack)
020 ## - INTERNATIONAL STANDARD BOOK NUMBER
International Standard Book Number 9781499406832 (library bound)
040 ## - CATALOGING SOURCE
Original cataloging agency DLC
Language of cataloging eng
Description conventions rda
Transcribing agency sjds
041 ## - LANGUAGE CODE
Language code of text/sound track or separate title spa
-- eng
Language code of original eng
042 ## - AUTHENTICATION CODE
Authentication code pcc
050 00 - LIBRARY OF CONGRESS CALL NUMBER
Classification number HG221.5
Item number .H26 2016
082 00 - DEWEY DECIMAL CLASSIFICATION NUMBER
Classification number 332.4/043
Edition number 23
100 1# - MAIN ENTRY--PERSONAL NAME
Personal name Hamilton, Robert M.,
Dates associated with a name 1987-
245 10 - TITLE STATEMENT
Title Diez centavos = Dimes
Statement of responsibility, etc. Robert M. Hamilton.
250 ## - EDITION STATEMENT
Edition statement First Edition
260 ## - PUBLICATION, DISTRIBUTION, ETC. (IMPRINT)
Place of publication, distribution, etc. New York :
Name of publisher, distributor, etc. PowerKids Press,
Date of publication, distribution, etc. [2016].
264 #1 - PRODUCTION, PUBLICATION, DISTRIBUTION, MANUFACTURE, AND COPYRIGHT NOTICE
Place of production, publication, distribution, manufacture New York :
Name of producer, publisher, distributor, manufacturer PowerKids Press,
Date of production, publication, distribution, manufacture, or copyright notice [2016].
300 ## - PHYSICAL DESCRIPTION
Extent 24 pages :
Other physical details color illustrations ;
Dimensions 19 cm.
336 ## - CONTENT TYPE
Content type term text
Source rdacontent
337 ## - MEDIA TYPE
Media type term unmediated
Source rdamedia
338 ## - CARRIER TYPE
Carrier type term volume
Source rdacarrier
490 0# - SERIES STATEMENT
Series statement Coins and money = Monedas y billetes
504 ## - BIBLIOGRAPHY, ETC. NOTE
Bibliography, etc Includes bibliographical references (pages 24) and index.
505 0# - FORMATTED CONTENTS NOTE
Formatted contents note Dimes are coins -- How many cents? -- The smallest coin -- What's on the dime? -- Buying with dimes -- Words to know -- Index -- Websites.
650 #0 - SUBJECT ADDED ENTRY--TOPICAL TERM
Topical term or geographic name as entry element Money
Form subdivision Juvenile literature.
650 #0 - SUBJECT ADDED ENTRY--TOPICAL TERM
Topical term or geographic name as entry element Coins
Form subdivision Juvenile literature.
942 ## - ADDED ENTRY ELEMENTS (KOHA)
Source of classification or shelving scheme Dewey Decimal Classification
Koha item type Libro/Book
Holdings
Withdrawn status Lost status Damaged status Not for loan Home library Current library Date acquired Inventory number Total Checkouts Full call number Barcode Date last seen Price effective from Koha item type
        Azul y Blanco -- Satellite Azul y Blanco -- Satellite 25/09/2016 inventory date: 22-1-25   JNC 35200530 25/09/2016 25/09/2016 Libro/Book

Powered by Koha